Logo BPK

Biblioteka

Politechniki Koszalińskiej

Cambridge first certificate in English 6 : (Rekord nr 52168)

Szczegóły MARC
000 -ETYKIETA REKORDU
podpole kontrolne o stałej długości 01312nam a2200337 i 4500
001 - NUMER KONTROLNY REKORDU
pole kontrolne bg
020 ## - MIĘDZYNARODOWY ZNORMALIZOWANY NUMER KSIĄŻKI - ISBN
ISBN 0521754445 (student's book)
020 ## - MIĘDZYNARODOWY ZNORMALIZOWANY NUMER KSIĄŻKI - ISBN
ISBN 9780521754446 (student's book)
020 ## - MIĘDZYNARODOWY ZNORMALIZOWANY NUMER KSIĄŻKI - ISBN
ISBN 052175447X (set of 2 cassetes)
020 ## - MIĘDZYNARODOWY ZNORMALIZOWANY NUMER KSIĄŻKI - ISBN
ISBN 9780521754477 (set of 2 cassetes)
040 ## - ŹRÓDŁO KATALOGOWANIA
Instytucja, która utworzyła rekord BPK
041 0# - KOD JĘZYKA
Kod języka tekstu eng
080 ## - UNIWERSALNA KLASYFIKACJA DZIESIĘTNA - UKD
UKD 811.111(076):371.279.6
920 ## - Międzynarodowy znormalizowany numer książki – ISBN
ISBN 0-521-75444-5 (student's book)
920 ## - Międzynarodowy znormalizowany numer książki – ISBN
ISBN 978-0-521-75444-6 (student's book)
920 ## - Międzynarodowy znormalizowany numer książki – ISBN
ISBN 0-521-75447-X (set of 2 cassetes)
920 ## - Międzynarodowy znormalizowany numer książki – ISBN
ISBN 978-0-521-75447-7 (set of 2 cassetes)
008 - POLE O STAŁEJ DŁUGOŚCI - DANE KONTROLNE
podpole kontrolne o stałej długości s pl f |000 0 pol
245 10 - TYTUŁ/ODPOWIEDZIALNOŚĆ
Tytuł Cambridge first certificate in English 6 :
Ciąg dalszy tytułu with answers : examination papers from University of Cambridge ESOL examinations ; English for speakers of other languages.
250 ## - STREFA WYDANIA
Oznaczenie wydania 5th print.
260 ## - STREFA ADRESU WYDAWNICZEGO
Miejsce wydania Cambridge :
Nazwa wydawcy/dystrybutora Cambridge University Press,
Data publikacji, dystrybucji/powstania dokumentu 2003.
300 ## - STREFA OPISU FIZYCZNEGO
Objętość IX, 161 s., 16 s. tabl. :
Inne cechy fizyczne fot. kolor. ;
Rozmiary 25 cm +
Dokument towarzyszący 2 kasety dźw.
490 1# - STREFA SERII I DOKUMENTU WIELOCZĘŚCIOWEGO - FORMA NIE DO WYSZUKIWANIA
Tytuł i oznaczenie odpowiedzialności serii Past Papers
500 ## - UWAGI OGÓLNE
Tekst uwagi Tyt. grzbiet.: "FCE examination papers with answers: Cambridge ESOL".
650 #9 - HASŁO PRZEDMIOTOWE W FORMIE NAZWY OGÓLNEJ LUB JEDNOSTKOWEJ
Nazwa ogólna lub geograficzna Egzaminy
Określnik ogólny szkolnictwo wyższe
650 #9 - HASŁO PRZEDMIOTOWE W FORMIE NAZWY OGÓLNEJ LUB JEDNOSTKOWEJ
Nazwa ogólna lub geograficzna Język angielski
Określnik ogólny nauczanie
655 ## - TERMIN INDEKSOWY - OKREŚLENIE RODZAJU/FORMY DOKUMENTU
Określenie rodzaju/formy dokumentu Ćwiczenia i zadania
830 ## - HASŁO DODATKOWE SERII LUB DOKUMENTU WIELOCZĘŚCIOWEGO - TYTUŁ UJEDNOLICONY
Tytuł ujednolicony Past Papers
942 ## - DODATKOWE ELEMENTY (KOHA)
Typ dokumentu Książka
Egzemplarze
Wycofany Status egzemplarza Uszkodzony Dostępność Lokalizacja stała Lokalizacja bieżąca Miejsce przechowywania Sygnatura Kod kreskowy Status: wypożyczony Ostatnio wypożyczono Dział Typ dokumentu
      Tylko na miejscu Biblioteka Politechniki Koszalińskiej Biblioteka Politechniki Koszalińskiej Czytelnia Wydziałowa ul. Kwiatkowskiego 6e 80094 02338965 01.12.2026 25.02.2013 811.111(07) Język angielski - podręczniki Książka
      Tylko na miejscu Biblioteka Politechniki Koszalińskiej Biblioteka Politechniki Koszalińskiej Czytelnia Wydziałowa ul. Kwiatkowskiego 6e TM 1376 02338927 01.12.2026 25.02.2013   Kaseta magnetofonowa
      Tylko na miejscu Biblioteka Politechniki Koszalińskiej Biblioteka Politechniki Koszalińskiej Czytelnia Wydziałowa ul. Kwiatkowskiego 6e TM 1377 02338910 01.12.2026 25.02.2013   Kaseta magnetofonowa
© 2023 Biblioteka Politechniki Koszalińskiej :: KOHA